Roma'ns

Saved in:
Bibliografiske detaljer
Hovedforfatter: Pasolini Pier Paolo
Format: Bog
Sprog:ukendt sprog
Udgivet: Milano Tea 1994
Tags: Tilføj Tag
Ingen Tags, Vær først til at tagge denne postø!

MARC

LEADER 00000nam a2200000Ia 4500
001 138
003 NUMERAZIONE-ORIGINALE-BRESCIA
005 20260206230748.0
008 260206s9999 xx 000 0 und d
100 |a Pasolini Pier Paolo 
245 0 |a Roma'ns 
260 |a Milano 
260 |b Tea 
260 |c 1994 
500 |a con Operetta Marina 
942 |2 ddc  |c BK  |n 0 
952 |0 0  |1 0  |2 ddc  |4 0  |6 13  |7 0  |9 28328  |a BS  |b BS  |d 2026-02-06  |i 138  |l 0  |o 1-3-*  |r 2026-02-06 22:40:32  |w 2026-02-06  |x [REVISIONARE]  |y BK 
999 |c 24019  |d 24019